Genshin Impact constellation pictures (V.6.6) - Statistics

General Stats
  • This quiz has been taken 104 times
    15 since last reset
  • The average score is 93 of 116
Answer Stats
Picture Hint Answer % Correct
Sol Invictus Mavuika
100%
Vulpes Zerda Tighnari
100%
Viator Aether
92%
Taurus Iracundus Arataki Itto
92%
Rota Calamitas Bennett
92%
Sagitta Scutum Candace
92%
Sclopetum Ensiferum Chevreuse
92%
Cisoria Chiori
92%
Columbina Hyposelenia Columbina
92%
Lupus Aureus Cyno
92%
Noctua Diluc
92%
Magicae Lucerna Dori
92%
Pomum de Ambra Emilie
92%
Dulciaria Structura Escoffier
92%
Corvus Fischl
92%
Laterna Vigilis Flins
92%
Automaton Freminet
92%
Animula Choragi Furina
92%
Leo Expergiscens Gaming
92%
Canis Bellatoris Gorou
92%
Ochotona Princeps Kachina
92%
Acer Palmatum Kaedehara Kazuha
92%
Arcella Kirara
92%
Trifolium Klee
92%
Cerva Nivea Lauma
92%
Viatrix Lumine
92%
Felis Alba Lynette
92%
Felis Fuscus Lyney
92%
Phoca Neomonachus Mualani
92%
Sapientia Oromasdis Nahida
92%
Rosa Multiflora Navia
92%
Leviathan Judicator Neuvillette
92%
Lotos Somno Nilou
92%
Parma Cordis Noelle
92%
Imperatrix Umbrosa Raiden Shogun
92%
Nyctereutes Minor Sayu
92%
Basileos Delta Sethos
92%
Nereides Sigewinne
92%
Ampulla Sucrose
92%
Monoceros Caeli Tartaglia
92%
Mascara Luctatori Varesa
92%
Lupus Majoris Varka
92%
Carmen Dei Venti
92%
Peregrinus Wanderer
92%
Panthera Ocelota Xilonen
92%
Fila Ignium Xinyan
92%
Divina Vulpes Yae Miko
92%
Carassius Auratus Yoimiya
92%
Lapis Dei Zhongli
92%
Cistellula Mira Aino
85%
Princeps Cretaceus Albedo
85%
Vultur Volans Alhaitham
85%
Lepus Amber
85%
Rapperia Clorinde
85%
Feles Diona
85%
Draco Rubedo Durin
85%
Papilio Charontis Hu Tao
85%
Grus Nivis Kamisato Ayaka
85%
Paradisaea Kaveh
85%
Chimaera Alebriius Kinich
85%
Tribulatio Demptio Kuki Shinobu
85%
Astrolabos Mona
85%
Vampyrum Spectrum Ororon
85%
Lupus Minor Razor
85%
Dracaena Somnolenta Sangonomiya Kokomi
85%
Cerberus Wriothesley
85%
Trulla Xiangling
85%
Grus Serena Xianyun
85%
Tapirus Somniator Yumemizuki Mizuki
85%
Nora Fortis Aloy
77%
Ignis Purgatorius Arlecchino
77%
Vultur Gryphus Chasca
77%
Patina Anavatlaca Citlali
77%
Mantichora Dehya
77%
Sinae Unicornis Ganyu
77%
Carnotaurus Iansan
77%
Catena Opele Ifa
77%
Leo Minor Jean
77%
Hirundo Lazuli Lan Yan
77%
Spinea Corona Rosaria
77%
Bestia Iustitia Yanfei
77%
Lagenaria Baizhu
69%
Victor Mare Beidou
69%
Leptailurus Cervarius Collei
69%
Flabellum Kujou Sara
69%
Tempus Fugit Lisa
69%
Ludus Latrunculorum Nefer
69%
Crista Doloris Shenhe
69%
Crystallina Skirk
69%
Rubeum Scutum Thoma
69%
Osmanthus Yaoyao
69%
Opera Grandis Yun Jin
69%
Equa Alba Zibai
69%
Crater Barbara
62%
Oriolus Illuga
62%
Pavo Ocellus Kaeya
62%
Cypressus Custos Kamisato Ayato
62%
Trulla Cementarii Keqing
62%
Palumbus Mika
62%
Reliquiarium Nicole
62%
Pristina Nola Qiqi
62%
Cervus Minor Shikanoin Heizou
62%
Alatus Nemeseos Xiao
62%
Fabulae Textile Xingqiu
62%
Nubis Caesor Chongyun
54%
Aphros Delos Eula
54%
Flosculi Implexi Faruzan
54%
Vanilla Planifolia Ineffa
54%
Alcyon Linnea
54%
Turris Venefica Prune
54%
Hualina Veritas Charlotte
46%
Cantus Choralis Dahlia
46%
Fragum Jahoda
46%
Opus Aequilibrium Ningguang
46%
Umbrabilis Orchis Yelan
46%
Luscinia Layla
38%
No matching quizzes found
Score Distribution
Percent of People with Each Score
Percentile by Number Answered
Your Score History
You have not taken this quiz since the last reset